| 000 | 01197naa a2200313 c 4500 | ||
|---|---|---|---|
| 001 | 37770 | ||
| 003 | ES-MaCES | ||
| 005 | 20071212143700.0 | ||
| 008 | 070511n2007 sp t ||0 | spa d | ||
| 035 | _aCES20070002912v | ||
| 040 |
_aES-MaCES _bspa _cES-MaCES |
||
| 100 | 1 |
_aManeiro Vázquez, Yolanda _917380 |
|
| 245 | 1 | 3 |
_aLa protección de los trabajadores autónomos económicamente dependientes en la ley concursal _cYolanda Maneiro Vázquez |
| 500 | _aResumen | ||
| 610 | 1 | 4 |
_aEspaña _tLey del Estatuto del trabajo autónomo _d2007 _92956 |
| 650 | 4 |
_aprotección social _929076 |
|
| 650 | 4 |
_aEstatuto de los Trabajadores _930784 |
|
| 650 | 4 |
_aderechos económicos y sociales _929875 |
|
| 650 | 4 |
_arégimen jurídico _929894 |
|
| 650 | 4 |
_aderecho concursal _931756 |
|
| 650 | 4 |
_alegislación del trabajo _927166 |
|
| 650 | 4 |
_atrabajo a cuenta propia _930170 |
|
| 650 | 4 |
_atrabajador _928414 |
|
| 653 | 1 | 0 | _aDerecho del trabajo y Seguridad Social |
| 773 | 0 |
_tActualidad laboral _gn. 3 (1ª quinc. feb. 2007){10002 R. 066929}; p. 294-310 _w(ES-MaCES)25022 _929239 |
|
| 902 | _aART Artículo de revista | ||
| 942 |
_2CES _cAR _h6.0.1. |
||
| 999 |
_c37770 _d37770 |
||